Văn hoá dân gian Tây Nguyên trong bối cảnh công nghiệp hoá, hiện đại hoá /

সংরক্ষণ করুন:
গ্রন্থ-পঞ্জীর বিবরন
প্রধান লেখক: Đào Huy Quyền
বিন্যাস: প্রবন্ধ
ভাষা:Vietnamese
বিষয়গুলি:
ট্যাগগুলো: ট্যাগ যুক্ত করুন
কোনো ট্যাগ নেই, প্রথমজন হিসাবে ট্যাগ করুন!
Thư viện lưu trữ: Thư viện Trường Đại học Đà Lạt
LEADER 00993nam a2200349 4500
001 DLU040027363
040 # # |a DLU  |b vie 
041 # # |a vie 
044 # # |a vn 
100 # # |a Đào Huy Quyền 
245 # # |a Văn hoá dân gian Tây Nguyên trong bối cảnh công nghiệp hoá, hiện đại hoá /  |c Đào Huy Quyền 
653 # # |a Bản sắc dân tộc 
653 # # |a Công nghiệp hoá 
653 # # |a Dân tộc thiểu số 
653 # # |a Hiện đại hoá 
653 # # |a Kinh tế 
653 # # |a Nghệ thuật 
653 # # |a Văn hoá dân gian 
773 # # |a Tạp chí Khoa học Xã hội  |g Số 2(48) -2001, tr. 78 - 82 
920 # # |a Phòng Tạp chí -- Trung tâm Thông tin - Thư viện Trường Đại học Đà Lạt 
933 # # |a DL 
933 # # |a LS 
933 # # |a VN 
933 # # |a XH 
994 # # |a DLU 
900 # # |a True 
911 # # |a Nguyễn Năng Hải 
925 # # |a G 
926 # # |a A 
927 # # |a BB 
980 # # |a Thư viện Trường Đại học Đà Lạt